Cash-flow-at-risk: metódy stanovenia a ich prednosti a nedostatky

Všeobecné problémy spojené s využívaním Cash-flow-at risk. Metódy stanovenia Cash-flow-at-risk a ich komparácia. Prednosti a nedostatky metód Cash-flow-at-risk z hľadiska ich vzájomnej komparácie.

Salvato in:
Dettagli Bibliografici
Autore principale: Lukáč, Miroslav
Natura: Capitolo di libro
Lingua:slovacco
Soggetti:
Tags: Aggiungi Tag
Nessun Tag, puoi essere il primo ad aggiungerne!!

MARC

LEADER 00000nla$a2200000$$$4500
001 0147017
005 20240502083340.1
041 0 |a slo 
044 |a CZ 
245 1 0 |a Cash-flow-at-risk: metódy stanovenia a ich prednosti a nedostatky  |c Miroslav Lukáč 
520 |a Všeobecné problémy spojené s využívaním Cash-flow-at risk. Metódy stanovenia Cash-flow-at-risk a ich komparácia. Prednosti a nedostatky metód Cash-flow-at-risk z hľadiska ich vzájomnej komparácie. 
610 2 0 |a cash flow 
610 2 0 |a riziko trhové 
610 2 0 |a riadenie rizík 
610 2 0 |a financie 
610 2 0 |a firmy 
610 2 0 |a hospodárenie finančné 
100 1 |a Lukáč, Miroslav